000 00626nam a22002172 4500
001 0000000990
005 20151021151050.0
008 070222s xx 000 0 eng d
020 _a1854245007 :
_cKES 590
040 _aKABU
_cKABU
050 0 _aBT821.2
_b.H67
100 1 _aHosier, John E.
_@0000159933
245 1 4 _aThe End times /
_cJohn E. Hosier.
260 _aLondon :
_bMonarch,
_c2000.
300 _a 185p. ;
_c20 cm.
440 4 _aThe Thinking clearly series
_@0000159934
650 0 _aEschatology.
_@0000149465
908 _a070222
950 _@1
999 _c294
_d294